Стенограмма Заседания Совета Национальностей. /Утро/ /Авторско-редакцион./

Доступно только в Электронных читальных залах Найти на картеНа карте
RUSMARC
00004781nac2a22003133x 450
001f9b36292-b7b5-47ea-a107-1b365cdaa1e8
00520210716131259.0
100##$a20210612l1936 k y0rusy50 ca
1010#$arus
102##$aRU
105##$ay z |||||
1220#$ad19360114
2001#$aСтенограмма Заседания Совета Национальностей. /Утро/ /Авторско-редакцион./
$j14.01.1936
215##$a63 листа
251##$cДело
300##$aЗаголовок дела на папке: 2-я Сессия ЦИК СССР 7-го созыва. Стенограмма Заседания Совета Национальностей. Утреннее, 14 января 1936 г.
300##$aАвторско-редакционный экземпляр
300##$aМашинописный и рукописный текст
330##$aВходит в раздел описи: VII-й Съезд Советов. 2-я Сессия ЦИК СССР
461#0$1001796d4672-8a00-4986-b488-6e42273792cc
$12001
$aЦЕНТРАЛЬНЫЙ ИСПОЛНИТЕЛЬНЫЙ КОМИТЕТ СССР (ЦИК СССР)
$1251
$cФонд
$1852
$j3316
$gР
462#0$10012246e4af-064a-4b66-b386-cae0ddb7fb2d
$12001
$aДела 7-го Съезда Советов и 1-й, 2-й, 3-й, 4-й Сессий 7-го созыва. 1935-1937 гг.
$vД. 134
$1251
$cОпись
$1852
$j7
5171#$a2-я Сессия ЦИК СССР 7-го созыва. Стенограмма Заседания Совета Национальностей. Утреннее, 14 января 1936 г.
60101$3RU\NLR\AUTH\880357276
$aСССР
$bЦИК
60102$3RU\NLR\AUTH\880399376
$aСССР
$bЦИК
$bСозыв
$c7
$bСессия
$d2
60102$aСССР. ЦИК. Созыв (7). Сессия (2). Заседание Совета национальностей
60101$3RU\NLR\AUTH\880398223
$aСССР
$bЦентральный исполнительный комитет
$bСовет национальностей
801#0$aRU
$bGA_RF
801#1$aRU
$bГлавНИВЦ
$c20210612
$2rusmarc
801#2$aRU
$bПБ им. Б.Н. Ельцина
$c20210716
$gRCR
$2rusmarc
852##$aГА РФ
$j134
937##$d166256700
$hГАРФ
035##$aRuPRLIB51060483
856##$uhttp://readingroom.main.prlib.ru/item.aspx?id_node=n166256700&mode=full
Формат отображения